Tous les Tomes de Gardiens des Cités Perdues - Statistiques

Statistiques générales
  • Ce quiz a été pris 259 fois
    224 depuis la dernière actualisation
  • Le résultat moyen est 8 sur 10
Statistiques - réponses
Indice Réponse % Correct
2 Exil
96%
1 Gardiens des Cités Perdues
92%
3 Le Grand Brasier
91%
4 Les Invisibles
90%
5 Projet Polaris
83%
6 Nocturna
82%
8 Héritages
76%
8.5 Le Livre des Secrets
73%
9 Lune Stéllaire
72%
7 Réminiscences
69%
Aucun quiz correspondant
Distribution des résultats
% des personnes avec chaque résultat
Percentile par nombre de réponses
Votre historique - résultats
Vous n’avez pas pris ce quiz depuis la dernière actualisation